Diario de a bordo de Cristóbal Colón (Record no. 45314)

MARC details
000 -LEADER
campo de control de longitud fija 00686nam a2200217 i 4500
001 - NÚMERO DE CONTROL
campo de control 45314
003 - IDENTIFICADOR DE NÚMERO DE CONTROL
campo de control ES-MaACL
005 - FECHA Y HORA DE LA ÚLTIMA TRANSACCIÓN
campo de control 20250730081740.0
007 - CAMPO FIJO DE DESCRIPCIÓN FÍSICA--INFORMACIÓN GENERAL
campo de control de longitud fija t|
008 - DATOS DE LONGITUD FIJA--INFORMACIÓN GENERAL
campo de control de longitud fija 030325s1957 sp ||||1| spa d
100 1# - ENTRADA PRINCIPAL--NOMBRE DE PERSONA
Nombre de persona Colón, Cristóbal.
9 (RLIN) 39869
245 10 - MENCIÓN DEL TÍTULO
Título Diario de a bordo de Cristóbal Colón
Resto del título : . Primer viaje /
Mención de responsabilidad, etc. Cristóbal Colón, Bartolomé de las Casas.
250 ## - MENCION DE EDICION
Mención de edición 1ª ed.
260 ## - PUBLICACIÓN, DISTRIBUCIÓN, ETC.
Lugar de publicación, distribución, etc. Barcelona :
Nombre del editor, distribuidor, etc. Arcadia,
Fecha de publicación, distribución, etc. [1957] (
Fabricante Aymami)
300 ## - DESCRIPCIÓN FÍSICA
Extensión 190 p. ;
Dimensiones 19 cm.
490 1# - MENCIÓN DE SERIE
Mención de serie España heróica
700 1# - ENTRADA AGREGADA--NOMBRE PERSONAL
Nombre de persona Casas, Bartolomé de las,
Fechas asociadas al nombre 1474-1566
9 (RLIN) 140251
830 0# - PUNTO DE ACCESO ADICIONAL DE SERIE-TÍTULO UNIFORME
Título uniforme España heróica
9 (RLIN) 229932
852 ## - LOCALIZACIÓN
Ubicación ES-MaACL
Número de control de estantería C-12910
Sublocalización o colección R.40889
Holdings
Estatus retirado Estado de pérdida Estado de daño No para préstamo Biblioteca de origen Biblioteca actual Ubicación en estantería Fecha de adquisición Fuente de adquisición Total de préstamos Signatura topográfica completa Código de barras Visto por última vez Precio de reemplazo Tipo de ítem Koha
        Biblioteca del Ateneo de Madrid Biblioteca del Ateneo de Madrid Sala Palomar 17/01/2008     C-12910 1047680 23/02/2023 23/02/2023 Libro impreso